000 00258 a2200109 4500
082 _a515 THO
100 _aThomas
245 _aCalculus
_cThomas
250 _a11th ed.
260 _aislamabad :
_bNational Book Foundation,
300 _axvi, 1228p. :
_bill ., ;
_c28 cm
650 _aCalculus
999 _c491
_d491